Personnages de La Petite Sirène par images - Statistiques

Statistiques générales
  • Ce quiz a été pris 407 fois
  • Le résultat moyen est 7 sur 16
Statistiques - réponses
Par images Réponse % Correct
Ariel
100%
Polochon
95%
Ursula
92%
Prince Eric
89%
Sébastien
88%
Roi Triton
73%
Eurêka
56%
Mélodie
56%
Morgana
19%
Flotsam and Jetsam
17%
Reine Athéna
15%
Marina
7%
Benjamin
6%
Tip
6%
Flash
5%
Mordicus
4%
Aucun quiz correspondant
Distribution des résultats
% des personnes avec chaque résultat
Percentile par nombre de réponses
Votre historique - résultats
Vous n’avez pas pris ce quiz